| 000 | 00898nam a22002777a 4500 | ||
|---|---|---|---|
| 001 | 9922 | ||
| 003 | FISKH | ||
| 005 | 20260317092236.0 | ||
| 008 | 260317b cb ||||| |||| 00| 0 eng d | ||
| 040 |
_aFISKH _beng _cFISKH _dFISKH |
||
| 050 | _aPZ7 | ||
| 082 | _a823 | ||
| 100 |
_aAnonymous _eAuthor |
||
| 245 | _aPlaytime / | ||
| 260 |
_aNew Delhi : _bSterling Publisher , _c2012 |
||
| 300 |
_a24 unnumbered pages : _bcolor illustrations ; _c18 cm |
||
| 490 |
_aI like to read : _vLevel 2 |
||
| 505 | _aJ | ||
| 520 | _aA simple story about children enjoying playtime activities, designed to build reading confidence through repetition, familiar vocabulary, and engaging illustrations. | ||
| 521 | 8 |
_a500
_bLexile estimate |
|
| 521 | 8 |
_aJ
_bRaz-Plus |
|
| 650 |
_aEarly readers _vChildren’s fiction |
||
| 650 |
_aPlaytime _vDaily life |
||
| 942 |
_2ddc _cBK _n0 |
||
| 999 |
_c9922 _d9922 |
||